Zákonník práce a s ním súvisiace právne predpiy s podrobným komentárom po poslednej novele vykonanej zák. NR SR č. 297/1999 Z.z platný v roku 2000

Guardado en:
Detalles Bibliográficos
Formato: Libro
Lenguaje:eslovaco
Publicado: Bratislava NOVÁ PRÁCA 2000
Edición:3. prepr. dopln. vyd.
Materias:
Etiquetas: Agregar Etiqueta
Sin Etiquetas, Sea el primero en etiquetar este registro!

MARC

LEADER 00000nam a2200000 4500
001 c117009
005 20221108084118.0
020 |a 80-88929-14-8 
041 0 |a slo 
044 |a SK 
245 1 0 |a Zákonník práce a s ním súvisiace právne predpiy s podrobným komentárom po poslednej novele vykonanej zák. NR SR č. 297/1999 Z.z  |b platný v roku 2000 
250 |a 3. prepr. dopln. vyd. 
264 1 |a Bratislava  |b NOVÁ PRÁCA  |c 2000 
300 |a 263 s. 
610 2 0 |a zákonník práce 
610 2 0 |a práca 
610 2 0 |a predpisy právne 
610 2 0 |a zamestnanci 
610 2 0 |a zamestnávatelia 
610 2 0 |a pomer pracovný 
610 2 0 |a právo pracovné 
610 2 0 |a Slovensko 
610 2 0 |a 1999